00419nam a2200169Ia 4500003000400000005001700004008004100021020001800062040000700080041000800087082001300095100002200108245004900130260004100179300001200220365001700232OSt20220617112603.0210423s2011 xx 000 0 und d a9781926692593 cAL aeng a547 TRIH aTRIMM (Harold H). aOrganic chemistry: structure and mechanisms. aNew YorkbApple Academic Pressc2011 a383bPB b5897.05cINR